<?xml version="1.0" encoding="UTF-8" ?>
<collection xmlns="http://www.loc.gov/MARC21/slim"><record><leader>00886nam a2200205 c 4500</leader><controlfield tag="001">165039</controlfield><controlfield tag="003">Zü176</controlfield><controlfield tag="005">20170718152425.0</controlfield><datafield tag="035" ind1=" " ind2=" "><subfield code="a">(OCoLC)938795208</subfield></datafield><datafield tag="041" ind1=" " ind2=" "><subfield code="a">ger</subfield></datafield><datafield tag="100" ind1="2" ind2="0"><subfield code="a">Hitz-Bay, Christian Albert</subfield></datafield><datafield tag="245" ind1="0" ind2="0"><subfield code="a">Brief, Dr. Hitz-Bay. Chur, Telephon 4.32, Chur, den 3. August 1917., Herrn Dr. Wartmann in Zürich., Kunsthaus a.Heimplatz.</subfield><subfield code="b">Sehr geehrter Herr, ...</subfield><subfield code="c">Hochachtungsvoll, im Auftrag von Frau H. Bay Dr. A. Hitz-Bay.</subfield><subfield code="h">Typoskript</subfield></datafield><datafield tag="260" ind1=" " ind2=" "><subfield code="a">Chur</subfield><subfield code="c">1917</subfield></datafield><datafield tag="300" ind1=" " ind2=" "><subfield code="a">1 Blatt</subfield><subfield code="c">27,7 x 22 cm</subfield></datafield><datafield tag="500" ind1=" " ind2=" "><subfield code="a">Der Verfasser ist der Ehemann von Hanni Bay</subfield></datafield><datafield tag="600" ind1="1" ind2="7"><subfield code="a">Bay, Hanni</subfield><subfield code="d">1885-1978</subfield><subfield code="2">gnd</subfield></datafield><datafield tag="610" ind1="2" ind2="7"><subfield code="a">Kunsthaus Zürich</subfield><subfield code="x">Ausstellung</subfield><subfield code="x">Geschäftsbrief</subfield><subfield code="2">gnd</subfield></datafield><datafield tag="700" ind1="1" ind2="0"><subfield code="a">Wartmann, Wilhelm </subfield><subfield code="d">1882-1970</subfield><subfield code="e">Adressat</subfield></datafield><datafield tag="852" ind1="4" ind2="0"><subfield code="a">CH-000273-5</subfield><subfield code="c">10.30.30.163.bay.19170803</subfield></datafield><datafield tag="856" ind1="4" ind2="1"><subfield code="u">https://digital.kunsthaus.ch:443/viewer/image/165039/1/</subfield><subfield code="y">Kunsthaus Zürich Sammlungen online</subfield></datafield></record></collection>